00841nam a2200253 a 450000100060000000300080000600500170001400800410003103500190007204000300009104100080012108200220012910000300015124500790018125000110026026000550027130000310032650000190035765000230037670000290039994200120042899900170044095201300045761440BD-RjUL20211209080950.0170118m19681953us a 001 0 eng d a(BD-RjUL)61564 aDLCcTxU-DadBD-RjULbeng aeng a368223bALI 19681 aAllen, Francis T.918315510aInsurance :bgeneral principles /cby Francis T. Allen and Sidney I. Simon a3d ed. aNew Jersey :bLittlefield, c1953 [Reprinted 1968] ax, 245 p. :bill ;c21 cm. aInclude index. 0aInsurance.91760321 aSimon, Sidney I.9176939 2ddccBK c61440d61440 00102ddc40708NFICaRUCLbRUCLcReadingd1971-07-22ezeitlingerl0o368 ALI 1968r2017-01-18 00:00:00tC-1w2017-01-18yBK